Bolaño por sí mismo : entrevistas escogidas /

Este volumen reúne once entrevistas a Roberto Bolaño, todas realizadas durante los últimos años de su vida, a las que se añade, en cuidadoso montaje, una amplia selección de declaraciones hechas por el escritor a otro medio centenar de periodistas pertenecientes a los más diversos medios de comunica...

Full description

Bibliographic Details
Main Author: Bolaño, Roberto 1953-2003
Other Authors: Braithwaite, Andrés
Format: Libro
Language:Spanish
Published: Santiago, Chile Universidad Diego Portales 2011
Subjects:

MARC

LEADER 00000cam a2200000 a 4500
001 028263
003 UAHC_CL
005 20170803122920.0
008 111111s2011 cl 000 spa
020 |z 9789567397805 
040 |a UAHC_CL  |c UAHC_CL  |d UAHC_CL 
082 0 4 |a Ch863  |b B687  |2 21 
100 1 |a Bolaño, Roberto  |d 1953-2003 
245 1 0 |a Bolaño por sí mismo :  |b entrevistas escogidas /  |c selección y edición de Andrés Braithwaite. 
260 |b Universidad Diego Portales  |a Santiago, Chile  |c 2011 
300 |a 139 p. 
520 |a Este volumen reúne once entrevistas a Roberto Bolaño, todas realizadas durante los últimos años de su vida, a las que se añade, en cuidadoso montaje, una amplia selección de declaraciones hechas por el escritor a otro medio centenar de periodistas pertenecientes a los más diversos medios de comunicación. Del conjunto se desprende –ronca, apasionada, melancólica, provocadora, tierna, mordaz, exagerada, carcajeante, siempre genuina– la voz misma de Bolaño, que resuena aquí con todos sus timbres: una voz que se deja oír más allá de la propia escritura, en un ámbito más desinhibido, sustraído en cierto modo de su responsabilidad. 
600 1 4 |a BOLAÑO, ROBERTO  |v ENTREVISTAS  |y 1953-2003 
650 4 |a AUTORES CHILENOS 
700 1 |a Braithwaite, Andrés 
900 |a Ch863 BOLB 
942 |c BK 
952 |0 0  |1 0  |4 0  |6 CH_863_000000000000000_BOLB  |7 0  |8 General  |9 56015  |a BC  |b BC  |c General  |d 2017-08-03  |o Ch863 BOLB  |p 1390183  |r 2025-11-26 00:00:00  |t 1  |w 2017-08-03  |y BK 
952 |0 0  |1 0  |4 0  |6 CH_863_000000000000000_BOLB  |7 0  |8 General  |9 56016  |a BC  |b BC  |c General  |d 2017-08-03  |l 0  |m 3  |o Ch863 BOLB  |p 1407821  |q 2018-01-11  |r 2017-08-03 00:00:00  |t 2  |w 2017-08-03  |y BK 
999 |c 28263  |d 28263